Music Quiz

Random Music or Song Quiz

'D' Artists by 3 Singles Quiz Stats

 Plays Quiz Updated Sep 30, 2017

Challenge
Share
Tweet
Embed
Score 0/24 Timer 05:00
1 Play Today
% Correct
Celine Dion
91.2%
Destiny's Child
87%
Neil Diamond
82.6%
Duran Duran
79.7%
Deep Purple
76.7%
Dr. Dre
76.3%
The Doors
75.6%
Bob Dylan
75.6%
Dire Straits
74.7%
John Denver
74.3%
Def Leppard
73.9%
Drake
71.7%
% Correct
Daft Punk
70.3%
Dixie Chicks
65.7%
The Drifters
63.8%
Doris Day
63.7%
Dido
63.7%
Jason Derulo
61.8%
Depeche Mode
61.8%
Sammy Davis Jr.
60.5%
Lana Del Rey
60.1%
Dave Matthews Band
55.6%
Hilary Duff
50.3%
Taylor Dayne
49.4%

You're not logged in!

Compare scores with friends on all Sporcle quizzes.
OR
Log In

You Might Also Like...

Show Comments

Extras

Top Quizzes Today


Score Distribution

Your Account Isn't Verified!

In order to create a playlist on Sporcle, you need to verify the email address you used during registration. Go to your Sporcle Settings to finish the process.

Report this User

Report this user for behavior that violates our Community Guidelines.

Details: